00360nam a22001097a 4500008004100000020001800041082001300059110002400072245009400096260004800190300001200238230602b xxu||||| |||| 00| 0 eng d a9780844495279 a027bLOC bLibrary of Congress aAnnual Report of The Librarian of Congressbfor the fiscal year ending September 30, 2010 aWashington, D.C.bLibrary of Congressc2011 aXII,69p